UBT Library

Teaching reading through the arts / (Record no. 40045)

000 -LEADER
fixed length control field 00647pam a2200217 a 4500
001 - CONTROL NUMBER
control field 916001
005 - DATE AND TIME OF LATEST TRANSACTION
control field 20180110084016.0
008 - FIXED-LENGTH DATA ELEMENTS--GENERAL INFORMATION
fixed length control field 820628s1983 deua b 000 0 eng
010 ## - LIBRARY OF CONGRESS CONTROL NUMBER
LC control number 82012755
020 ## - INTERNATIONAL STANDARD BOOK NUMBER
International Standard Book Number 0872077330 (pbk.)
040 ## - CATALOGING SOURCE
Original cataloging agency DLC
Transcribing agency DLC
Modifying agency DLC
041 ## - LANGUAGE CODE
Language code of text/sound track or separate title eng
080 ## - UNIVERSAL DECIMAL CLASSIFICATION NUMBER
Universal Decimal Classification number 372.41
082 00 - DEWEY DECIMAL CLASSIFICATION NUMBER
Classification number 372.41 COW
Edition number 19
100 ## - Rafti
Rafti 46
101 ## - Shkurtesa
Shkurtesa EDU
245 00 - TITLE STATEMENT
Title Teaching reading through the arts /
Statement of responsibility, etc edited by John E. Cowen for the Reading through the Arts Committee ; with an introduction by M. Jerry Weiss.
504 ## - BIBLIOGRAPHY, ETC. NOTE
Bibliography, etc Includes bibliographies.
906 ## - LOCAL DATA ELEMENT F, LDF (RLIN)
a 7
b cbc
c orignew
d 1
e ocip
f 19
g y-gencatlg
942 ## - ADDED ENTRY ELEMENTS (KOHA)
Source of classification or shelving scheme
Item type Books
Holdings
Withdrawn status Lost status Source of classification or shelving scheme Damaged status Not for loan Collection code Permanent location Current location Shelving location Date acquired Total Checkouts Full call number Barcode Date last seen Price effective from Koha item type
          Koleksioni i përgjithshem UBT - Lipjan UBT - Lipjan Koleksioni i përgjithshem 01/10/2018   372.41 COW 002-2994859 01/10/2018 01/10/2018 Books
UBT Library © 2015-2024. All rights reserved University Education for Business and Technology